000
00220 a2200097 4500
001
32083
100
_a
Fraser, W
245
_a
Introduction to Telecommunications
260
_a
N Delhi
_b
CBS
_c
1985
090
_c
21533
_d
21533
942
_a
NUST-CAE
_c
M
_c
12818
999
_c
267156
_d
267156